000
00439nam a2200169Ia 4500
008
090201s9999 xx 000 0 und d
010
_a
KPL-48947
040
_b
मराठी
041
_a
मराठी
082
_a
51153
_b
48947
100
_a
यु म पठाण
245
_a
सय
_c
यु म पठाण
260
_c
2006
_b
मधुराज
300
_a
116
_b
मध्यम
600
_a
सय
942
_c
BOOK
999
_c
247636
_d
247636